Les Capteurs pour Arduino et RaspberryPi : (Record no. 62013)

MARC details
000 -LEADER
fixed length control field 00785nam a22002417a 4500
005 - DATE AND TIME OF LATEST TRANSACTION
control field 20210707115114.0
008 - FIXED-LENGTH DATA ELEMENTS--GENERAL INFORMATION
fixed length control field 210707b ||||| |||| 00| 0 eng d
020 ## - INTERNATIONAL STANDARD BOOK NUMBER
International Standard Book Number 978-2-10-071793-4
040 ## - CATALOGING SOURCE
Original cataloging agency BUAC
Transcribing agency BUC
041 ## - LANGUAGE CODE
Language code of text/sound track or separate title Fre
100 ## - MAIN ENTRY--PERSONAL NAME
Personal name Karvinen, Tero
245 ## - TITLE STATEMENT
Title Les Capteurs pour Arduino et RaspberryPi :
Remainder of title tutoriels et projets
Statement of responsibility, etc / par Tero karvinen, Kimmo Karvinen, Ville Valtokari
300 ## - PHYSICAL DESCRIPTION
Extent 282 p.
Other physical details Coul.ill.en coul.;
Dimensions 24 cm.
440 ## - SERIES STATEMENT/ADDED ENTRY--TITLE
Title (Collection Make)
500 ## - GENERAL NOTE
General note Annexe.pp. (277- 278)<br/>Index. pp.(279 - 282)
630 ## - SUBJECT ADDED ENTRY--UNIFORM TITLE
Uniform title GENERALITES CULTURE-SAVOIR
650 ## - SUBJECT ADDED ENTRY--TOPICAL TERM
Topical term or geographic name as entry element Capteurs (technologie)
651 ## - SUBJECT ADDED ENTRY--GEOGRAPHIC NAME
Geographic name Arduino microcontrôleur)
651 ## - SUBJECT ADDED ENTRY--GEOGRAPHIC NAME
Geographic name Raspberry Pi (ordinateur)
700 ## - ADDED ENTRY--PERSONAL NAME
Personal name Karvinen, Kimmo
700 ## - ADDED ENTRY--PERSONAL NAME
Personal name Valtokari, Ville
942 ## - ADDED ENTRY ELEMENTS (KOHA)
Source of classification or shelving scheme Dewey Decimal Classification
Item type Libre Accès
Holdings
Withdrawn status Lost status Source of classification or shelving scheme Damaged status Not for loan Location (home branch) Sublocation or collection (holding branch) Date acquired Source of acquisition Coded location qualifier Koha issues (times borrowed) Koha full call number Piece designation (barcode) Koha date last seen Copy number Price effective from Koha item type
    Dewey Decimal Classification     Bibliothèque Universitaire Centrale Bibliothèque Universitaire Centrale 07/07/2021 DON ARES 21/0008   621.395 KAR 21-0008Buc 07/07/2021 1 07/07/2021 Libre Accès


© 2008, Bibliothèques de l'Université d'Abomey-Calavi

04 BP 789 Cotonou, Tél. : +229 21 36 01 01, Fax : +229 21 35 06 32

Courriel : bu@bu.uac.bj